Name all Double-Element Monsters by Picture - Statistics

General Stats
  • This quiz has been taken 4 times
  • The average score is 47 of 50
Answer Stats
Picture Answer % Correct
Arackulele
100%
Bellowfish
100%
Bleatnik
100%
Bonkers
100%
Boskus
100%
Bulbo
100%
Cahoot
100%
Cranchee
100%
Cybop
100%
Dandidoo
100%
Déjà-Jin
100%
Denchuhs
100%
Dragong
100%
Drumpler
100%
Flowah
100%
Fung Pray
100%
Furcorn
100%
Fwog
100%
Glowl
100%
Gob
100%
Hawlo
100%
HippityHop
100%
Jellbilly
100%
Kazilleon
100%
Knucklehead
100%
Maw
100%
Nebulob
100%
Oaktopus
100%
Osstax
100%
Pango
100%
Peckidna
100%
Phangler
100%
Pluckbill
100%
Poppette
100%
Quibble
100%
Roarick
100%
shLep
100%
Shrubb
100%
Sox
100%
Squot
100%
Stogg
100%
Whisp
100%
Wimmzies
100%
Xyster
100%
Yuggler
100%
Boodoo
50%
Knurv
50%
Pinghound
50%
Wheezel
50%
Sporerow
0%
No matching quizzes found
Score Distribution
Percent of People with Each Score
Percentile by Number Answered
Your Score History
You have not taken this quiz